| 000 | 00514nam a2200181Ia 4500 | ||
|---|---|---|---|
| 003 | OSt | ||
| 005 | 20251119104119.0 | ||
| 008 | 210210b1963 xxu||||| |||| 00| 0 eng d | ||
| 040 | _cAL | ||
| 041 | _aKannada | ||
| 082 | _a851/140 | ||
| 100 |
_aGOVINDA PAI _962524 _dಗೋವಿಂದ ಪೈ |
||
| 245 |
_aGolgatha mattu vaishakhi _b ಗೊಲ್ಗೊಥಾ ಮತ್ತು ವೈಶಾಖಿ |
||
| 260 |
_aMaisuru _bKavyalaya _c1963 |
||
| 690 |
_aKannada Poetry _962525 |
||
| 906 | _a018156 | ||
| 942 |
_2ddc _cBK |
||
| 999 |
_c141282 _d141282 |
||